Nepriame nástroje monetárnej politiky a ich využitie v slovenskej ekonomike bakalárska práca

Gespeichert in:
Bibliographische Detailangaben
1. Verfasser: Staškovanová, Nikola
Körperschaft: Národohospodárska fakulta EU. Katedra hospodárskej politiky
Weitere Verfasser: Kopkáš, Peter
Format: Buch
Sprache:Slowakisch
Veröffentlicht: Bratislava 2017
Tags: Tag hinzufügen
Keine Tags, Fügen Sie das erste Tag hinzu!

MARC

LEADER 00000nbm a2200000 4500
001 0233712
005 20170801094552.3
041 0 |a slo 
044 |a SK 
245 1 0 |a Nepriame nástroje monetárnej politiky a ich využitie v slovenskej ekonomike  |b bakalárska práca  |c Nikola Staškovanová ; školiteľ: Peter Kopkáš 
264 1 |a Bratislava  |c 2017 
300 |a 50 s. 
100 1 |a Staškovanová, Nikola 
700 1 |a Kopkáš, Peter 
710 2 |a Národohospodárska fakulta EU. Katedra hospodárskej politiky